| 000 | 00540nam a2200157 i 4500 | ||
|---|---|---|---|
| 001 | 86675 | ||
| 003 | ES-MaACL | ||
| 005 | 20230906175512.0 | ||
| 007 | t| | ||
| 008 | 041215s1922 sp ||||1| spa d | ||
| 100 | 1 |
_aKindelán, Juan Antonio. _968046 |
|
| 245 | 1 | 0 |
_aInforme relativo al desprendimiento de humos tóxicos de las fábricas de productos químicos en Pueblonueva del Terrible / _cJuan Antonio Kindelán. |
| 260 |
_aMadrid : _b[s.n., _c1922] ( _fSucs. de M. Minuesa) |
||
| 300 |
_a15 p. ; _c18 cm. |
||
| 852 |
_aES-MaACL _j1649-F-18 |
||
| 999 |
_c86675 _d86675 |
||